000 00784cam a2200253 4500
001 3127300
003 SISC
005 20160404144904.0
008 710412s1971 nyu b 000 0 eng
010 _a 70129476
040 _aDLC
_cDLC
_dDLC
050 0 0 _aHM 132
_b.B311 1971
082 0 0 _aHS 158.2
_bG366 1971
100 1 _aGiffin, Kim
_d1918-
_ecomp.
_910071
245 1 0 _aBasic readings in interpersonal communication /
_cKim Giffin and Bobby R. Patton.
260 _aNew York :
_bHarper & Row,
_cc1971.
300 _a441 p. :
_c21 cm.
500 _aIncludes bibliography.
650 0 _aInterpersonal relations.
_92248
700 1 _aPatton, Bobby R.,
_d1935-
_ejoint author.
_910072
906 _a7
_bcbc
_corignew
_d2
_encip
_f19
_gy-gencatlg
942 _2lcc
_cBK
999 _c8527
_d8527